| 000 | 00750nam a22002897a 4500 | ||
|---|---|---|---|
| 005 | 20260217192717.0 | ||
| 008 | 200922b2013 xxu||||| |||| 00| 0 spa d | ||
| 020 | _a9789508949363 | ||
| 041 | _aESP | ||
| 082 | _a364 H257p | ||
| 100 |
_aHarcourt, Bernard E. _959114 |
||
| 245 | _aPolítica Criminal y Gestión de Riesgos. Genealogía y Crítica. | ||
| 260 | _aArgentina | ||
| 260 | _bAd-Hoc | ||
| 260 | _c2013 | ||
| 300 | _a160 páginas | ||
| 490 | _aInvestigación Criminal | ||
| 650 | _aINVESTIGACIÓN CRIMINAL | ||
| 650 | _aCRIMINOLOGÍA | ||
| 650 | _aDERECHO PENAL | ||
| 650 | _aACTUARISMO PENAL | ||
| 650 | _aPROFILING | ||
| 650 | _aGENEALOGÍA | ||
| 650 | _aCRÍTICA | ||
| 650 | _aPOLÍTICA CRIMINAL | ||
| 942 |
_cBK _2ddc |
||
| 999 |
_c12800 _d12800 |
||